Vịnh Hạ Long

Giới thiệu vị trí và địa hình vịnh Hạ Long; Những đánh giá của hội đồng di sản thế giới về vịnh Hạ Long và các hoạt động du lịch Hạ Long

Gardado en:
Detalles Bibliográficos
Autor Principal: Thy, Sảnh
Formato: Libro
Idioma:Undetermined
Publicado: Thành phố Hồ Chí Minh Trẻ 2004
Những chủ đề:
Các nhãn: Engadir etiqueta
Sen Etiquetas, Sexa o primeiro en etiquetar este rexistro!
Thư viện lưu trữ: Trung tâm Học liệu Trường Đại học Cần Thơ
LEADER 00748nam a2200217Ia 4500
001 CTU_93618
008 210402s9999 xx 000 0 und d
020 |c 22000 
082 |a 915.97 
082 |b S107 
100 |a Thy, Sảnh 
245 0 |a Vịnh Hạ Long 
245 0 |c Thy Sảnh 
260 |a Thành phố Hồ Chí Minh 
260 |b Trẻ 
260 |c 2004 
520 |a Giới thiệu vị trí và địa hình vịnh Hạ Long; Những đánh giá của hội đồng di sản thế giới về vịnh Hạ Long và các hoạt động du lịch Hạ Long 
650 |a Vietnam 
650 |x Description and travel 
904 |i Mai Loan 
980 |a Trung tâm Học liệu Trường Đại học Cần Thơ